True Psychology (Record no. 21006)

MARC details
000 -LEADER
fixed length control field 00338nam a22001457a 4500
020 ## - INTERNATIONAL STANDARD BOOK NUMBER
ISBN 978-81-88446-74-2
082 ## - DEWEY DECIMAL CLASSIFICATION NUMBER
Classification number 150
Author Cutter ABH
100 ## - MAIN ENTRY--AUTHOR NAME
Author name Abhedananda, Swami
245 ## - TITLE STATEMENT
Title True Psychology
260 ## - PUBLICATION, DISTRIBUTION, ETC. (IMPRINT)
Place of publication Kolkata
Name of publisher Ramakrishna Vedanta Math
Year of publication 1946
300 ## - PHYSICAL DESCRIPTION
Number of Pages 202
650 ## - SUBJECT ADDED ENTRY--TOPICAL TERM
Topical Term Psychology-Religious
942 ## - ADDED ENTRY ELEMENTS (KOHA)
Koha item type Books
Holdings
Home library Current library Shelving location Date acquired Source of acquisition Cost, normal purchase price Full call number Accession Number Koha item type
Henry Martyn Institute Library Henry Martyn Institute Library General stacks 05/10/2018 Director 80.00 150 ABH 11003654 Books
                   Copyright © 2026 | Henry Martyn Institute | Hyderabad | TS-500052 | INDIA | Implemented by hmi.edu.in
Hit-Count:

Powered by Koha